| 000 | 00379nam a22001457a 4500 | ||
|---|---|---|---|
| 008 | 250303b |||||||| |||| 00| 0 eng d | ||
| 020 | _a9781444146035 | ||
| 050 |
_aRD35 _b.B76 |
||
| 100 | _aBurnand Kevin G | ||
| 245 | _aBrowse's Introduction to the symtoms &Sign of Surgical Diseases | ||
| 250 | _a5th | ||
| 260 |
_aBora Raton _bCRC Press _c2015 |
||
| 300 | _a620p | ||
| 942 | _cBK | ||
| 999 |
_c2031 _d2031 |
||